• 首页
  • 本馆介绍
  • 公告通知
  • 最新文献
  • 馆藏检索
  • 电子资源
  • 读者导购
  • 参考咨询
  • 我的图书馆
  • 登录
  • 详细信息显示
  • 放入我的书架
  • 预约/预借图书
  • 作者相关作品
  • 分类相关作品
  • 丛书相关作品
  • 出版社相关作品

书目信息

  • 表格格式
  • 工作单格式
  • 卡片格式
题名:
建筑设计防火图集与应用
    
 
作者: 关大巍 , 严晓光 主编
分册:  
出版信息: 北京   化学工业出版社  2016.9
页数: 309页
开本: 19×26cm
丛书名:
单 册:
中图分类: TU892-65
科图分类:
主题词: 建筑设计--防火--图集
电子资源:
ISBN: 978-7-122-27498-4
000 00927nam0 2200253 450
001 0400004040
005 20171023113242.0
010    @a978-7-122-27498-4@dCNY68.00
100    @a20161019d2016 em y0chiy50 ea
101 0  @achi
102    @aCN@b110000
105    @aa z 000yy
106    @ar
200 1  @a建筑设计防火图集与应用@9jian zhu she ji fang huo tu ji yu ying yong@f关大巍,严晓光主编
210    @a北京@c化学工业出版社@d2016.9
215    @a309页@d19×26cm
307    @a实际页数为:310
330    @a本书共分为11章,包括:术语、厂房和仓库、甲、乙、丙类液体、气体储罐(区)和可燃材料堆场、民用建筑、建筑构造、灭火救援设施、消防设施的设置、供暖、通风和空气调节、电气、木结构建筑、城市交通隧道等。
606 0  @a建筑设计@x防火@j图集
690    @aTU892-65@v4
701  0 @a关大巍@9guan da wei@4主编
701  0 @a严晓光@9yan xiao guang@4主编
801  0 @aCN@b91MARC@c20171023
905    @b1036806-10@dTU892-65@f5@e1278
    
    建筑设计防火图集与应用/关大巍,严晓光主编.-北京:化学工业出版社,2016.9
    309页;19×26cm
    
    
    ISBN 978-7-122-27498-4:CNY68.00
    本书共分为11章,包括:术语、厂房和仓库、甲、乙、丙类液体、气体储罐(区)和可燃材料堆场、民用建筑、建筑构造、灭火救援设施、消防设施的设置、供暖、通风和空气调节、电气、木结构建筑、城市交通隧道等。
●
相关链接 在E读中查询图书 在五车中查询图书 在当当中查询图书 在豆瓣中查询图书


正题名:建筑设计防火图集与应用     索取号:TU892-65/1278         预约/预借

序号 登录号 条形码 馆藏地/架位号 状态 备注
1 1036806   210368065   第二样本阅览室/ [索取号:TU892-65/1278] 在馆    
2 1036807   210368074   第三借阅区/ [索取号:TU892-65/1278] 在馆    
3 1036808   210368083   第三借阅区/ [索取号:TU892-65/1278] 在馆    
4 1036809   210368092   第三借阅区/ [索取号:TU892-65/1278] 在馆    
5 1036810   210368109   密集书库-生命科学系/ [索取号:TU892-65/1278] 在馆    
唐山师范学院图书馆 欢迎您!
大连网信软件有限公司© 版权所有